Statistics for All Bullet Club Members Ever - 2024

Click here to take the quiz!

General Stats

  • This quiz has been taken 19 times
    (8 since last reset)
  • The average score is 41 of 64

Answer Stats

Date JoinedMember% Correct
April 6 2014Aj Styles
100%
January 4 2015Amber Gallows
100%
May 3 2013Bad Luck Fale
100%
November 23 2013 and May 1 2021Doc Gallows
100%
October 8 2018Jay White
100%
May 3 2013 and May 1 2021Karl Anderson
100%
November 8 2014Kenny Omega
100%
May 3 2013Tama Tonga
100%
June 3 2022Ace Austin
83%
May 8 2016Adam Cole
83%
May 9 2016Adam 'Hangman' Page
83%
June 24 2023Austin Gunn
83%
October 23 2015 and January 5 2019Chase Owens
83%
July 19 2021Chris Bey
83%
April 15 2023Clark Connors
83%
December 10 2016Cody
83%
June 24 2023Colten Gunn
83%
March 6 2023David Finlay
83%
May 4 2019El Phantasmo
83%
July 11 2020EVIL
83%
February 11 2017Frankie Kazarian
83%
October 8 2018Gedo
83%
October 8 2018Jado
83%
August 10 2014Jeff Jarrett
83%
May 1 2022Juice Robinson
83%
August 12 2019KENTA
83%
October 25 2013 and June 26 2022Matt Jackson
83%
October 25 2013 and June 26 2022Nick Jackson
83%
May 3 2013Prince Devitt
83%
May 4 2018Taiji Ishimori
83%
March 12 2016Tanga Loa
83%
September 25 2016BONE SOLDIER
67%
January 5 2015Cody Hall
67%
June 4 2023Drilla Moloney
67%
June 4 2023Gabe Kidd
67%
March 6 2024Jack Perry
67%
May 12 2017Marty Scurll
67%
April 16 2022Scott Norton
67%
September 4 2021SHO
67%
November 17 2017Stephen Amell
67%
May 3 2014 and January 5 2019Yujiro Takahashi
67%
June 4 2023Alex Coughlin
50%
December 10 2016Brandi Rhodes
50%
July 12 2020Dick Togo
50%
September 7 2017Hikuleo
50%
January 4 2016King Haku
50%
December 6 2023Ren Narita
50%
November 29 2023Bishop Kaun
33%
November 11 2017Gino 'Mr Juicy' Gambino
33%
October 21 2022Jack Bonza
33%
October 8 2018Robbie Eagles
33%
April 16 2023Stevie Filip
33%
November 29 2013Toa Liona
33%
September 11 2016'Tokyo Latina' Pieter
33%
April 16 2023Tome Filip
33%
September 24 2023Yoshinobu Kanemaru
33%
February 4 2023Caveman Ugg
17%
July 5 2013El Terrible
17%
October 11 2013La Comandante
17%
May 3 2014Mao
17%
January 18 2015Mephisto
17%
September 5 2013Rey Bucanero
17%
January 27 2023Lyrebird Luchi
0%
August 10 2014Scott D'Amore
0%

Score Distribution

Percentile by Number Answered

Percent of People with Each Score

Your Score History

You have not taken this quiz since the last reset